NOVEL DRUG DELIVERY SYSTEM[NDDS] AS PER LATEST PCI REGULATIONS FOR B PHARMA [1ST SEMESTE]R (Record no. 8965)

MARC details
000 -LEADER
fixed length control field 00605nam a22001817a 4500
005 - DATE AND TIME OF LATEST TRANSACTION
control field 20251127131844.0
008 - FIXED-LENGTH DATA ELEMENTS--GENERAL INFORMATION
fixed length control field 251124b |||||||| |||| 00| 0 eng d
020 ## - INTERNATIONAL STANDARD BOOK NUMBER
ISBN 978-81-19613-75-5
041 ## - LANGUAGE CODE
Language code of text/sound track or separate title eng
082 ## - DEWEY DECIMAL CLASSIFICATION NUMBER
Classification number 615.32 SIN-N
100 ## - MAIN ENTRY--AUTHOR NAME
Personal name SINGH, MR. PRASHANT KUMAR & BHASIN, MR. ROHIT AND KUMAR MR. ADITYA & RAJAN, MR. NITIN
245 ## - TITLE STATEMENT
Title NOVEL DRUG DELIVERY SYSTEM[NDDS] AS PER LATEST PCI REGULATIONS FOR B PHARMA [1ST SEMESTE]R
250 ## - EDITION STATEMENT
Edition statement 1ST ED, 2024
260 ## - PUBLICATION, DISTRIBUTION, ETC. (IMPRINT)
Place of publication NEW DELHI
Name of publisher INNOVATIVE PUBLICATION PVT LTD
Year of publication 2025
300 ## - PHYSICAL DESCRIPTION
Number of Pages 372;P
650 ## - SUBJECT ADDED ENTRY--TOPICAL TERM
Topical Term PHARMACY
General subdivision B.PHARMA
942 ## - ADDED ENTRY ELEMENTS (KOHA)
Koha item type Books
Holdings
Lost status Damaged status Collection code Home library Current library Date acquired Source of acquisition Cost, normal purchase price Full call number Accession Number Koha item type
    PHARMACY JRU Library JRU Library 24/11/2025 PURCHASE 750.00 615.32 29076 Books